[Event "Tatry op"]
[Site "Tatranska Lomnica"]
[Date "1999.10.03"]
[Round "2"]
[White "Viszlai, Alexander"]
[Black "Lastovicka, Jiri"]
[Result "1/2-1/2"]
[WhiteElo "2069"]
[BlackElo "2222"]

1.e4 e6 2.d4 d5 3.Nc3 Bb4 4.e5 b6 5.a3 Bf8 6.Qg4 Ba6 7.Bxa6 Nxa6 8.f4 Ne7
9.Qe2 Nb8 10.Nf3 Nbc6 11.Be3 h5 12.Bf2 Nf5 13.Qb5 Qd7 14.Qa6 Nd8 15.b4 c6
16.Na4 Rb8 17.c3 Be7 18.O-O g6 19.Nb2 Kf8 20.a4 Kg7 21.Rfb1 Ra8 22.b5 Nb7
23.bxc6 Qxc6 24.Qb5 Rhc8 25.Nd1 Na5 26.Nd2 Bd8 27.g3 Nc4 28.Qxc6 Rxc6 29.Nxc4 Rxc4
30.Be1 Rac8 31.Kf2 f6 32.Nb2 R4c6 33.Nd3 Nh6 34.exf6+ Kxf6 35.Ne5 Ng4+ 36.Nxg4+ hxg4
37.Bd2 Kf5 38.Re1 Bc7 39.Ke3 Rh8 40.Re2 Bxf4+ 41.Kd3 Bxd2 42.Rf1+ Kg5 43.Kxd2 Rhc8
44.Re5+ Kh6 45.Re3 Kg7 46.Rf4 Rf8 47.Rxg4 Rf2+ 48.Kd3 Rxh2 49.Rf4 Rh8 50.Ref3 Rc7
51.Rf6 Re8 52.g4 e5 53.dxe5 Rxe5 54.R3f4 Re4 55.Kd2 Rxf4 56.Rxf4 Rc4 57.Rxc4 dxc4
58.Ke3 Kf6 59.Kf4 a6 60.g5+ Ke6 61.Ke4 a5 62.Kd4 Kf5 63.Kxc4 Kxg5 64.Kb5 Kf4
65.Kxb6 g5 66.c4 g4 67.c5 g3 68.c6 g2 69.c7 g1=Q+ 70.Kb7 Qb1+ 71.Ka7 Qc2
72.Kb7 Qb3+ 73.Ka7 Qc4 74.Kb7 Ke5 75.c8=Q Qxc8+ 76.Kxc8 Kd5 77.Kd7 Kc5 78.Ke6 Kb4
79.Kd5 Kxa4 80.Kc4 Ka3 81.Kc3 Ka2 82.Kc2 a4 83.Kc1  1/2-1/2

[Event "Asia-chT"]
[Site "Shenyang"]
[Date "1999.10.10"]
[Round "1"]
[White "Wu Wenjin"]
[Black "Nenashev, Alexander"]
[Result "1-0"]
[WhiteElo "2435"]
[BlackElo "2584"]

1.e4 e6 2.d4 d5 3.Nc3 Bb4 4.e5 Ne7 5.a3 Bxc3+ 6.bxc3 b6 7.Qg4 Ng6 8.h4 h5
9.Qg3 Ba6 10.Ne2 Rh7 11.a4 Nc6 12.Nf4 Bxf1 13.Nxg6 Ba6 14.Ba3 Rh6 15.Nf4 g6
16.Nh3 Na5 17.Bc1 Rh8 18.Bg5 Qc8 19.Qf4 Rg8 20.Qf6 Qd7 21.f3 Rc8 22.g4 c5
23.gxh5 gxh5 24.Nf4 cxd4 25.Nxh5 Qc7 26.Ng7+ Rxg7 27.Qxg7 Qxc3+ 28.Kf2 Qxc2+
29.Kg3 Qg6 30.Qf6 Kd7 31.h5 Qh7 32.Rh4 Rg8 33.Rah1 Nb3 34.Rf4 Kc6 35.h6 Bc4
36.Qe7 Be2 37.Rxf7 Rxg5+ 38.Kf2 Rg2+ 39.Kxg2 Bxf3+ 40.Kxf3 Nd2+ 41.Kg4 Qe4+
42.Kg5 Qg2+ 43.Kh5 Qxh1+ 44.Kg6 Qe4+ 45.Kg7 Qxe5+ 46.Kg8 d3 47.h7 Qg3+ 48.Rg7 Qb8+
49.Qf8 Qxf8+ 50.Kxf8 Nc4 51.h8=Q d2 52.Rg1 e5 53.Ke7 Kc5 54.Ke6 Kd4 55.Rd1 Kd3
56.Rxd2+ Nxd2 57.Qxe5 d4 58.Kd5 Nb3 59.Qg3+ Kc2 60.Kc4 Nc5 61.Kxd4 Nxa4 62.Qa3 Nc5
63.Qa2+ Kc1 64.Qxa7 Kc2 65.Qa2+ Kc1 66.Kc4 Kd1 67.Qb2 Ke1 68.Qxb6  1-0

[Event "Asia-chT"]
[Site "Shenyang"]
[Date "1999.10.13"]
[Round "5"]
[White "Ghaem Maghami, Eshan"]
[Black "Sharavdorj, Dashzeveg"]
[Result "1/2-1/2"]
[WhiteElo "2373"]
[BlackElo "2505"]

1.e4 e6 2.d4 d5 3.Nc3 Bb4 4.e5 Ne7 5.Bd2 Bxc3 6.Bxc3 b6 7.Qg4 Nf5 8.Bd3 h5
9.Qf4 Qh4 10.Qxh4 Nxh4 11.g3 Nf5 12.Bxf5 exf5 13.h4 Be6 14.Nh3 Nc6  1/2-1/2

[Event "BL9900 (Women)"]
[Site "Germany"]
[Date "1999.10.16"]
[Round "1.4"]
[White "Helm, Leonie"]
[Black "Nepeina Leconte, Maria"]
[Result "0-1"]
[WhiteElo "2290"]
[BlackElo "2290"]

1.e4 e6 2.d4 d5 3.Nc3 Bb4 4.e5 Ne7 5.a3 Bxc3+ 6.bxc3 c5 7.Qg4 Qc7 8.Qxg7 Rg8
9.Qxh7 cxd4 10.Ne2 Nbc6 11.f4 Bd7 12.Qd3 dxc3 13.Nxc3 a6 14.h4 Nf5 15.Rh3 O-O-O
16.Bd2 Na5 17.Qxf5 exf5 18.Nxd5 Qxc2 19.Rc3+ Qxc3 20.Bxc3 Nc6 21.Nf6 Rh8
22.Nxd7 Rxd7 23.g3 Nd8 24.e6 Re8 25.Be5 Rxe6 26.Bh3 Nc6 27.Rc1 Kd8 28.Bxf5 Nxe5
29.Bxe6 Nd3+ 30.Kf1 Nxc1 31.Bxd7 Kxd7 32.Kf2 b5 33.Ke3 a5 34.Kd2 Nb3+ 35.Kc3 Nc5
36.Kd4 b4 37.axb4 axb4 38.Kc4 b3 39.Kc3 Ne4+ 40.Kxb3 Nxg3 41.Kc4 Ke6  0-1

[Event "Wichern op 5th"]
[Site "Hamburg"]
[Date "1999.10.17"]
[Round "3"]
[White "Reeh, Oliver"]
[Black "Rustemov, Alexander"]
[Result "1/2-1/2"]
[WhiteElo "2399"]
[BlackElo "2573"]

1.e4 e6 2.d4 d5 3.Nc3 Bb4 4.e5 Ne7 5.Bd2 b6 6.Nce2 Bxd2+ 7.Qxd2 Ba6 8.Nf3 c5
9.c3 Nbc6 10.g3 Rc8 11.Nf4 Bxf1 12.Kxf1 O-O 13.Kg2 Nf5 14.h4 Qe7 15.a3 cxd4
16.cxd4 f6 17.Rae1 fxe5 18.dxe5 g6 19.Qd3 Rc7 20.h5 g5 21.Nxg5 Qxg5 22.Nxe6 Qe7
23.Nxf8 Qxf8 24.Qxd5+ Kh8 25.e6 Qf6 26.Re4 Nfe7 27.Qd2 Rc8 28.Rc1 Qf5 29.Qf4 Qd5
30.Kg1 Qxh5 31.Qf6+ Kg8 32.Rf4 Rd8 33.Qf7+ Qxf7 34.Rxf7 Rd6 35.Rf6 Kg7 36.Rf7+ Kg6
37.Re1 Rxe6  1/2-1/2

[Event "Wichern op 5th"]
[Site "Hamburg"]
[Date "1999.10.18"]
[Round "5"]
[White "Klovans, Janis"]
[Black "Rustemov, Alexander"]
[Result "1-0"]
[WhiteElo "2465"]
[BlackElo "2573"]

1.e4 e6 2.d4 d5 3.Nc3 Bb4 4.e5 Ne7 5.Nf3 b6 6.Bd2 Bxc3 7.Bxc3 Ba6 8.Bxa6 Nxa6
9.Qd3 Nb8 10.O-O Nd7 11.Rfe1 c5 12.Bd2 Rc8 13.c3 Qc7 14.Rac1 Qc6 15.Bg5 h6
16.Bxe7 Kxe7 17.c4 Rhd8 18.Qh7 dxc4 19.Rxc4 b5 20.Rc3 Rh8 21.Qc2 c4 22.Nd2 Qd5
23.Ne4 Qxd4 24.Nd6 Nxe5 25.Nxc8+ Rxc8 26.Rd1 Qf4 27.Rg3 g5 28.Qc3 a6 29.h3 Rc6
30.Re3 Ng6 31.a4 Qc7 32.axb5 axb5 33.Qg7 Rd6 34.Rde1 Qc5 35.Qxh6 b4 36.Qg7 Rc6
37.Rf3 Nf4 38.Re5 Qd4 39.Qxg5+ Kd6 40.Re1 Nd5 41.Qd8+ Kc5 42.Qa5+ Kd6 43.Rxf7 Qxb2
44.Qa7 Rb6 45.Rxe6+ Kc5 46.Qa5+ Rb5 47.Qd8 Qb1+ 48.Kh2 c3 49.Rc7+ Nxc7 50.Qxc7+ Kd4
51.Qf4+ Kc5 52.Re5+ Kb6 53.Qe3+ Kc6 54.Qh6+ Kd7 55.Qg7+ Kc6 56.Qf6+  1-0

[Event "Wichern op 5th"]
[Site "Hamburg"]
[Date "1999.10.19"]
[Round "6"]
[White "Ponater, Michael"]
[Black "Voigt, Martin"]
[Result "1-0"]
[WhiteElo "2170"]
[BlackElo "2331"]

1.e4 e6 2.d4 d5 3.Nc3 Bb4 4.e5 Qd7 5.a3 Bxc3+ 6.bxc3 b6 7.Qg4 f5 8.Qg3 Ba6
9.Bxa6 Nxa6 10.a4 Nb8 11.Ne2 Nc6 12.h4 O-O-O 13.Qd3 Na5 14.Qa6+ Kb8 15.Ba3 Qxa4
16.Nf4 Qd7 17.O-O Nc6 18.Rfb1 Nge7 19.Bxe7 Qxe7 20.Nd3 Qd7 21.Nc5 Qc8 22.Qa4  1-0

[Event "Wichern op 5th"]
[Site "Hamburg"]
[Date "1999.10.22"]
[Round "9"]
[White "Thiruchelvam, Thirumurugan"]
[Black "Willim, Michael"]
[Result "1/2-1/2"]
[WhiteElo "2000"]
[BlackElo "2130"]

1.e4 e6 2.d4 d5 3.Nc3 Bb4 4.e5 Qd7 5.Bd2 Bxc3 6.Bxc3 b6 7.Nf3 Ba6 8.Bxa6 Nxa6
9.Qe2 Nb8 10.O-O Ne7 11.Nh4 g5 12.Nf3 h6 13.a4 Qc6 14.Ne1 Nd7 15.a5 b5 16.Nd3 Qc4
17.Qd2 Qc6 18.Nb4 Qb7 19.a6 Qb6 20.Nd3 Nf5 21.Nb4 O-O-O 22.b3 f6 23.exf6 Nxf6
24.Bb2 Qd6 25.Nd3 Ng4 26.Ne5 Nxe5 27.dxe5 Qc6 28.Bd4 Kb8 29.Ra5 Nxd4 30.Qxd4 Qb6  1/2-1/2

[Event "Wch U18"]
[Site "Oropesa del Mar"]
[Date "1999.10.24"]
[Round "1"]
[White "Stojanovski, Dejan"]
[Black "Potkin, Vladimir"]
[Result "1/2-1/2"]
[WhiteElo "2231"]
[BlackElo "2478"]

1.e4 e6 2.d4 d5 3.Nc3 Bb4 4.e5 Ne7 5.a3 Bxc3+ 6.bxc3 c5 7.Qg4 O-O 8.Bd3 f5
9.exf6 Rxf6 10.Bg5 Rf7 11.Qh5 g6 12.Qd1 Qa5 13.Qd2 cxd4 14.cxd4 Qxd2+ 15.Bxd2 Nbc6
16.Nf3 Bd7 17.Rb1 b6 18.c3 Nf5 19.h4 Ng7 20.Bh6 Nh5 21.Bb5 Nf6 22.Bxc6 Bxc6
23.Ne5 Rc7 24.f3  1/2-1/2

[Event "Wch U18"]
[Site "Oropesa del Mar"]
[Date "1999.10.31"]
[Round "7"]
[White "Uribe, Mauricio"]
[Black "Potkin, Vladimir"]
[Result "1/2-1/2"]
[WhiteElo "2208"]
[BlackElo "2478"]

1.e4 e6 2.d4 d5 3.Nc3 Bb4 4.e5 Ne7 5.a3 Bxc3+ 6.bxc3 b6 7.h4 Ba6 8.Bxa6 Nxa6
9.h5 h6 10.a4 Nb8 11.a5 Nbc6 12.axb6 cxb6 13.Qg4 Nf5 14.Qh3 Qd7 15.Ne2 Na5
16.g4 Ne7 17.f4 Nc4 18.Rf1 f5 19.exf6 gxf6 20.Qh4 f5 21.g5 O-O-O 22.g6 Nc6
23.Ng1 Nd6 24.Nf3 Ne4 25.Ne5 Nxe5 26.fxe5 Nxc3 27.Rf3 Ne4 28.Rfa3 a5 29.Rb1 Kc7
30.Bd2 Rb8 31.Kd1 Rb7 32.Qe1 Qc6 33.Bxa5 bxa5 34.Qxa5+ Kd7 35.Rxb7+ Qxb7
36.Qa4+ Qc6 37.Qa7+ Qc7 38.Qa4+ Qc6  1/2-1/2

[Event "Wch U16 Girls"]
[Site "Oropesa del Mar"]
[Date "1999.11.02"]
[Round "9"]
[White "Skrochocka, Justyna"]
[Black "Goczo, Melinda"]
[Result "0-1"]
[WhiteElo "2035"]
[BlackElo "2226"]

1.e4 e6 2.d4 d5 3.Nc3 Bb4 4.e5 Qd7 5.Bd2 b6 6.a3 Bf8 7.f4 Ne7 8.Nf3 Nbc6
9.Bd3 Nf5 10.Ne2 h5 11.Bxf5 exf5 12.Be3 Bb7 13.Qd2 Nd8 14.Ng5 Ne6 15.Nxe6 fxe6
16.Ng1 Qb5 17.c3 Ba6 18.Nf3 Be7 19.h4 Kd7 20.Kf2 Qb3 21.Rh3 Rhg8 22.Ne1 Bc4
23.Nf3 a5 24.Rhh1 Qa4 25.Qd1 Qb5 26.Qd2 Bd3 27.Ne1 Be4 28.Nf3 a4 29.Rad1 Ra5
30.Qc1 Bxf3 31.Kxf3 Qc4 32.g3 Rga8 33.Rh2 Rb5 34.Rc2 Rb3 35.Kg2 Ra5 36.Kh3 Kc6
37.Bg1 Kb7 38.Be3 Rbb5 39.Bg1 Rb3 40.Be3 Rab5 41.Qa1 Ra5 42.Qc1 Ra8 43.Qd2 Rc8
44.Qe1 Rb5 45.Qd2 Ra5 46.Qe1 g6 47.Qe2 Ra6 48.Qe1 b5 49.Re2 Rc6 50.Qd2 Qb3
51.Ra1 Bd8 52.Qc2 Qxc2 53.Rxc2 Rc4 54.Rd2 c6 55.Kg2 Bb6 56.Kf3 c5 57.dxc5 Bxc5
58.Bxc5 R8xc5 59.Ke3 Re4+ 60.Kf3 Rcc4 61.Rad1 Kb6 62.Rd4 Rexd4 63.Rxd4 Kc5
64.Rd2 Re4 65.Kf2 Kc4 66.Rd1 Kb3 67.Rd2 Ka2 68.Kf1 Kb1 69.Rg2 Kc1 70.Rf2 Re3
71.Rg2 Rd3 72.Re2 Rd1+ 73.Kf2 Rd2 74.Kf3 Rxe2 75.Kxe2 Kxb2  0-1

[Event "SLO-chT"]
[Site "Bled"]
[Date "1999.11.09"]
[Round "2"]
[White "Mazi, Leon"]
[Black "Farago, Ivan"]
[Result "0-1"]
[WhiteElo "2387"]
[BlackElo "2512"]

1.e4 e6 2.d4 d5 3.Nc3 Bb4 4.e5 Ne7 5.a3 Bxc3+ 6.bxc3 c5 7.Nf3 Bd7 8.a4 Qa5
9.Bd2 Nbc6 10.Be2 f6 11.c4 Qc7 12.exf6 gxf6 13.cxd5 Nxd5 14.dxc5 O-O-O 15.O-O Rhg8
16.Ra3 e5 17.Qa1 Bh3 18.Ne1 Nd4 19.Bd1 Bg4 20.f3 Bf5 21.Nd3 Bh3 22.Rf2 Bxg2
23.Rxg2 Rxg2+ 24.Kxg2 Qg7+ 25.Kh3 Rg8 26.Ne1 Qd7+ 27.Kh4 Nf5+ 28.Kh3 Nfe3+
29.Kh4 Qh3+  0-1

[Event "World Seniors"]
[Site "Gladenbach GER"]
[Date "1999.11.10"]
[Round "3"]
[White "Rosen,W"]
[Black "Uhlmann,W"]
[Result "1/2-1/2"]
[WhiteElo "2276"]
[BlackElo "2461"]

1.e4 e6 2.d4 d5 3.Nc3 Bb4 4.e5 Ne7 5.Bd2 c5 6.dxc5 Nd7 7.Qg4 Bxc3 8.Bxc3 O-O
9.Nf3 Nxc5 10.O-O-O Nf5 11.Bd3 b6 12.Nd4 Nxd3+ 13.Rxd3 Qh4 14.h3 Qh6+ 15.Bd2 Qg6
16.Nxf5 Qxf5 17.Qxf5 exf5 18.Rxd5 Bb7 19.Rd7 Bxg2 20.Rg1  1/2-1/2

[Event "28th It"]
[Site "Lazarevac YUG"]
[Date "1999.11.12"]
[Round "12"]
[White "Kovacevic,A"]
[Black "Dimitrov,V"]
[Result "0-1"]
[WhiteElo "2478"]
[BlackElo "2464"]

1.e4 e6 2.d4 d5 3.Nc3 Bb4 4.e5 Ne7 5.a3 Bxc3+ 6.bxc3 c5 7.Qg4 O-O 8.Bd3 Qa5
9.Bd2 Nbc6 10.Nf3 f5 11.exf6 Rxf6 12.Qh5 Nf5 13.g4 c4 14.gxf5 cxd3 15.Rg1 Bd7
16.Qg5 Rf7 17.f6 Qd8 18.Qh6 Qxf6 19.Qxf6 Rxf6 20.Ne5 Nxe5 21.dxe5 Rf5 22.cxd3 Rxe5+
23.Be3 Rh5 24.Rb1 Bc6 25.Bf4 e5 26.Rg5 Rxg5 27.Bxg5 Rf8 28.Bh4 Rf3 29.Kd2 e4
30.dxe4 dxe4 31.Rb4 h5 32.Rd4 g5 33.Bxg5 Rxf2+ 34.Ke3 Rxh2 35.Kf4 Rf2+ 36.Ke5 Rf3
37.Ke6 e3 38.Bf6 Rxf6+ 39.Kxf6 e2 40.Rd8+ Kh7  0-1

[Event "ESP-chT Div 1"]
[Site "Cala Galdana"]
[Date "1999.11.14"]
[Round "7"]
[White "Paramos Dominguez, Roberto"]
[Black "Oms Pallise, Josep"]
[Result "0-1"]
[WhiteElo "2425"]
[BlackElo "2412"]

1.e4 e6 2.d4 d5 3.Nc3 Bb4 4.e5 Ne7 5.a3 Bxc3+ 6.bxc3 c5 7.Qg4 O-O 8.Bd3 Qa5
9.Bd2 Nbc6 10.Nf3 f5 11.exf6 Rxf6 12.Qh5 Nf5 13.g4 c4 14.gxf5 cxd3 15.Rg1 Qc7
16.Bh6 Rxf5 17.Qe8+ Rf8 18.Bxg7 Rxe8 19.Be5+ Kf8 20.Bxc7 e5 21.dxe5 dxc2
22.Bd6+ Kf7 23.Ng5+ Kg6 24.Kd2 Bf5 25.Rg3 Na5 26.Rag1 Nb3+ 27.Ke3 c1=Q+ 28.Rxc1 Nxc1
29.Ne6+ Kf7 30.Nc7 h6 31.h4 Rac8 32.Rf3 Kg6 33.h5+ Kg5 34.Rg3+ Kxh5 35.Nxd5 Nd3
36.Be7 Rc6 37.Kd4 Re6 38.Rg7 Rc8 39.Bf6 b5 40.f4 Rc4+ 41.Ke3 Nc5 42.Bd8 Ne4
43.Rg1 Rg6 44.Rh1+ Kg4 45.Ba5  0-1

[Event "ch-NED (women) qualifier"]
[Site "Rotterdam NED"]
[Date "1999.11.16"]
[Round "5.3"]
[White "Slingerland,C"]
[Black "Harmsen,J"]
[Result "1-0"]
[WhiteElo "2110"]
[BlackElo "2170"]

1.e4 e6 2.d4 d5 3.Nc3 Bb4 4.e5 Qd7 5.a3 Bxc3+ 6.bxc3 b6 7.Qg4 f5 8.Qg3 Nc6
9.Nh3 Bb7 10.Nf4 O-O-O 11.Bb5 a6 12.Bd3 Kb8 13.O-O g6 14.a4 Na5 15.Ba3 Ne7
16.Rfb1 Rhg8 17.Qg5 Nec6 18.Bb4 Ka7 19.Bxa5 Nxa5 20.Rb4 Qc6 21.Rab1 Rde8
22.Ne2 Qd7 23.Nc1 Bc6 24.Nb3 Nxb3 25.R4xb3 Bxa4 26.Ra3 a5 27.Qc1 Rb8 28.Rxa4 Qxa4
29.Bb5 Qa2 30.Ra1 Qxa1 31.Qxa1 Rg7 32.c4 dxc4 33.Bxc4 Re7 34.Qa3 Ree8 35.Bb5 Red8
36.c3 c5 37.f4 Rbc8 38.Qb2 cxd4 39.cxd4 Rc7 40.h3 h6 41.Kh2 Rd5 42.Ba4 Rc4
43.Bb3 Rcxd4 44.Bxd5 Rxd5 45.Qa3 Rc5 46.Qb3 Rd5 47.Qc4 Kb7 48.Qa4 Rd8 49.Qb5 g5
50.Qc4 Rd5 51.Qa4 b5 52.Qxa5 gxf4 53.Qb4 Rxe5 54.Qxf4 Re4 55.Qxh6 b4 56.Qd2 Kc6
57.Kg3 e5 58.h4 Rg4+ 59.Kh3 Rd4 60.Qc2+ Kd5 61.Qxf5 Rf4 62.Qd3+ Rd4 63.Qb3+ Ke4
64.Qf3+  1-0

[Event "ch-NED (women) qualifier"]
[Site "Rotterdam NED"]
[Date "1999.11.16"]
[Round "5.1"]
[White "Slingerland,C"]
[Black "Harmsen,J"]
[Result "1/2-1/2"]
[WhiteElo "2110"]
[BlackElo "2170"]

1.e4 e6 2.d4 d5 3.Nc3 Bb4 4.e5 Qd7 5.a3 Bxc3+ 6.bxc3 b6 7.Qg4 f5 8.Qg3 Bb7
9.Nh3 Nc6 10.Nf4 O-O-O 11.Bb5 a6 12.Bd3 Na5 13.O-O h6 14.Qg6 Re8 15.Nxe6 Ne7
16.Qf7 g5 17.f4 g4 18.a4 Kb8 19.Bxf5 Bc8 20.Bxg4 Rhg8 21.Bh3 Qc6 22.Ba3 Qxc3
23.Kh1 Bxe6 24.Qxe6 Nec6 25.Qxd5 Nxd4 26.Rab1 Rd8 27.Qa2 Nac6 28.Bb2 Qxc2
29.Rbc1 Qd2 30.Rcd1 Qe2 31.Rde1 Qd2 32.Rd1  1/2-1/2

[Event "ch-NED (women)"]
[Site "Rotterdam NED"]
[Date "1999.11.18"]
[Round "10"]
[White "Bos Swiecik,I"]
[Black "Peng Zhaoqin"]
[Result "0-1"]
[WhiteElo "2165"]
[BlackElo "2449"]

1.e4 e6 2.d4 d5 3.Nc3 Bb4 4.e5 b6 5.a3 Bf8 6.Nf3 Ne7 7.Bd3 h6 8.O-O Ba6 9.Nb5 Qd7
10.a4 Bb7 11.Be3 Nbc6 12.c3 a6 13.Na3 Nf5 14.Nc2 Na5 15.Bc1 g6 16.Ne3 Nxe3
17.Bxe3 c5 18.dxc5 bxc5 19.b3 Be7 20.Rb1 Nc6 21.Bc2 Kf8 22.Re1 Kg7 23.h3 Qc7
24.Bc1 Rad8 25.Qe2 Qb6 26.Nh2 d4 27.Bb2 dxc3 28.Bxc3 Nd4 29.Bxd4 cxd4 30.Bd3 a5
31.Nf3 Bd5 32.Nd2 Bb4 33.Rec1 Rc8 34.Nc4 Qb7 35.Qg4 Qa7 36.Qf4 Be7 37.Rd1 Rb8
38.Be2 g5 39.Qd2 Bb4 40.Qd3 Rhf8 41.Kh2 f6 42.Bh5 Kh8 43.exf6 Rxf6 44.f3 Bc3
45.Kh1 Qc7 46.Qe2 Kg7 47.Rdc1 Rb7 48.Ne5 Rf5 49.Nc4 Qb8 50.Qd3 Rf6 51.Nd2 Qf4
52.Ne4 Bxe4 53.Qxe4 Qxe4 54.fxe4 Rf2 55.Rd1 Kf6 56.Rf1 Rxf1+ 57.Rxf1+ Ke5
58.Rb1 d3 59.Kg1 Rb4 60.Bf3 Kd4 61.Kf2 Rb8 62.e5 Bd2 63.Bc6 Be3+ 64.Kf3 h5
65.Kg3 Bf4+ 66.Kf2 Bxe5 67.Bf3 h4 68.Bg4 Bg3+ 69.Kg1 e5 70.Be6 e4 71.Rc1 e3  0-1

[Event "National Chess Congress"]
[Site "Philadelphia USA"]
[Date "1999.11.27"]
[Round "3"]
[White "Strenzwilk,D"]
[Black "Formanek,E"]
[Result "1-0"]
[WhiteElo "2167"]
[BlackElo "2289"]

1.e4 e6 2.d4 d5 3.Nc3 Bb4 4.e5 Ne7 5.Qg4 Nf5 6.Nf3 Nc6 7.Bd3 Bf8 8.a3 Nce7
9.Nh4 Nxh4 10.Qxh4 Ng6 11.Qh5 Qh4 12.Qxh4 Nxh4 13.O-O Ng6 14.Ne2 Kd7 15.Bd2 b6
16.f4 Ne7 17.Rac1 g6 18.g3 Bb7 19.Kg2 h5 20.h4 Nc6 21.Bb5 a6 22.Bxc6+ Bxc6
23.Ng1 Bb5 24.Rfe1 Be7 25.Nf3 Rhc8 26.Ng5 Ke8 27.Be3 c5 28.c3 Bd3 29.Kf2 Rc6
30.Rg1 Bf5 31.Ke2 Bg4+ 32.Kd2 c4 33.Nh7 Bf5 34.Nf6+ Kd8 35.Bf2 b5 36.g4 hxg4
37.Nxg4 a5 38.Nh6 Ke8 39.Nxf5 exf5 40.h5 Kf8 41.hxg6 fxg6 42.Rh1 Kg7 43.Bh4 Bxh4
44.Rxh4 Rh8 45.Rch1 Rxh4 46.Rxh4 Rb6 47.Rh3 Rb8 48.Kc2 Rf8 49.Rh1 Rb8 50.Kd2 b4
51.cxb4 axb4 52.Kc2 bxa3 53.bxa3 Rb3 54.Ra1 Rf3 55.a4 Rxf4 56.a5 Rh4 57.a6 Rh8
58.a7 Ra8 59.Kc3 g5 60.Kb4 g4 61.Kc5 g3 62.Kxd5 c3 63.Rg1 Rd8+ 64.Ke6 f4
65.Kf5 Rf8+ 66.Ke4 c2 67.Kf3 Kf7 68.Rc1 Ke6 69.Rxc2 Kd5 70.Ra2 Ra8 71.Ra4 Kc6
72.e6 Kd6 73.Ra6+ Ke7 74.d5 Kf6 75.Ra4 Ke7 76.Rxf4  1-0

[Event "National Chess Congress"]
[Site "Philadelphia USA"]
[Date "1999.11.28"]
[Round "5"]
[White "Strenzwilk,D"]
[Black "Fayvinov,Z"]
[Result "1/2-1/2"]
[WhiteElo "2167"]
[BlackElo "2230"]

1.e4 e6 2.d4 d5 3.Nc3 Bb4 4.e5 Ne7 5.Qg4 c5 6.dxc5 Bxc3+ 7.bxc3 Qa5 8.Bd2 O-O
9.Nf3 Qxc5 10.Bd3 f5 11.exf6 Rxf6 12.Qh5 h6 13.O-O Nbc6 14.Qe8+ Rf8 15.Bh7+ Kxh7
16.Qxf8 e5 17.Rfe1 Qd6 18.Qf7 Ng6 19.c4 Be6 20.c5 Bxf7 21.cxd6 e4 22.Reb1 exf3
23.Rxb7 Kg8 24.Rab1 Rd8 25.d7 Be6 26.Rc7 Bxd7 27.Rbb7 Nf8 28.gxf3 Nd4 29.Bb4 Nde6
30.Be7 Re8 31.Rxd7 Nxd7 32.Rxd7 Nf4 33.h4 Ng6 34.Bc5 Nxh4 35.Bxa7 Nxf3+ 36.Kg2 Ne1+
37.Kg3 Nxc2 38.Rxd5 Re6 39.Ra5 Nb4 40.Bd4 Nc6 41.Ra8+ Kf7 42.Bc3 Rd6 43.Kg2 Rd3
44.Ba1 g5 45.Rc8 Nb4 46.a4 Nd5 47.Be5 Ra3 48.Rc6  1/2-1/2

[Event "Eu Team Ch"]
[Site "Batumi GEO"]
[Date "1999.11.29"]
[Round "1"]
[White "Rocha,S"]
[Black "Socko,B"]
[Result "0-1"]
[WhiteElo "2427"]
[BlackElo "2543"]

1.e4 e6 2.d4 d5 3.Nc3 Bb4 4.e5 Ne7 5.Bd3 c5 6.a3 Bxc3+ 7.bxc3 Qa5 8.Bd2 Qa4
9.dxc5 Nd7 10.Nf3 Nxc5 11.Nd4 O-O 12.O-O Bd7 13.Qb1 Qa5 14.Nb3 Nxb3 15.cxb3 Ng6
16.Qe1 Qb6 17.Qe2 Qxb3 18.Rfb1 Qa4 19.Rxb7 Rfb8 20.Rb4 Rxb4 21.cxb4 Rc8 22.h4 Qb3
23.h5 Nxe5 24.Bxh7+ Kxh7 25.Qxe5 f6 26.Qe3 Qxe3 27.Bxe3 a6 28.Rc1 e5 29.Rxc8 Bxc8
30.Kf1 Bg4 31.Bc5 Bxh5 32.Ke1 Be8 33.Ke2 Kg6 34.Bf8 Kf7 35.Bd6 g6 36.Bb8 Ke6
37.Bc7 d4 38.Bd8 f5 39.Bc7 Bb5+ 40.Kd2 Kd5 41.Bd8 f4 42.Ke1 e4 43.Bg5 Ke5
44.Bh6 e3 45.g3 fxg3 46.fxe3 d3 47.Bf4+ Ke4 48.Bxg3 Kxe3 49.Bf2+ Kf3 50.Bh4 Kf4
51.Bd8 g5 52.Bc7+ Kf3 53.Bb6 g4 54.Bc5 Kg2 55.Bb6 Kh1 56.Bc7 Kg1 57.Bd6 Kg2
58.Bc5 Kf3 59.Bb6 Ke4 60.Bc7 Kd5 61.Kd2 Kc4 62.Bg3 Kb3 63.Bd6 Kxa3 64.Kc3 Ka2
65.Be5 Ka1 66.Bd6 Kb1 67.Bf4 Bc4 68.Kd2 Kb2  0-1

[Event "ch-NED (qualifier KO)"]
[Site "Rotterdam NED"]
[Date "1999.12.05"]
[Round "1.2"]
[White "Dambacher,M"]
[Black "Blees,A"]
[Result "1-0"]
[WhiteElo "2197"]
[BlackElo "2410"]

1.e4 e6 2.d4 d5 3.Nc3 Bb4 4.e5 b6 5.Bd2 Qd7 6.Nce2 Bf8 7.Nf4 Ba6 8.Bxa6 Nxa6
9.Nf3 g6 10.Qe2 Nb4 11.Bxb4 Bxb4+ 12.c3 Bf8 13.g4 Ne7 14.h4 h6 15.h5 g5 16.Nd3 Nc6
17.O-O Na5 18.b3 c5 19.dxc5 bxc5 20.c4 dxc4 21.bxc4 Be7 22.Rfd1 Qa4 23.Nd2 O-O
24.Ne4 Qc6 25.Ndxc5 Rfd8 26.Rxd8+ Rxd8 27.Rd1 Qc7 28.Rxd8+ Bxd8 29.Qd3 Be7
30.Nf6+ Bxf6 31.exf6 Qxc5 32.Qd8+ Kh7 33.Qe8  1-0

[Event "Eu Team Ch"]
[Site "Batumi GEO"]
[Date "1999.12.07"]
[Round "8"]
[White "Lutz,C"]
[Black "Socko,B"]
[Result "1-0"]
[WhiteElo "2591"]
[BlackElo "2543"]

1.e4 e6 2.d4 d5 3.Nc3 Bb4 4.e5 Ne7 5.a3 Bxc3+ 6.bxc3 c5 7.Qg4 Kf8 8.Bd2 Qc7
9.Bd3 b6 10.Nf3 h6 11.O-O Ba6 12.dxc5 bxc5 13.Bxa6 Nxa6 14.c4 Rd8 15.cxd5 Rxd5
16.Rab1 Ng6 17.Qa4 Nb8 18.Ba5 Qc8 19.c4 Rd3 20.Rfd1 Rxd1+ 21.Qxd1 Kg8 22.h4 Kh7
23.Qc2 Kg8 24.h5 Ne7 25.Bd2 g6 26.hxg6 Nxg6 27.Be3 Kg7 28.Qe4 Rd8 29.Qg4 Qc7
30.Nh4 Qe7 31.Nxg6 fxg6 32.Qf4 g5 33.Qe4 Nd7 34.Rb7 a5 35.Rc7 Qf7 36.Bxc5 Kg8
37.Bd6 Qh5 38.f3 Nf8 39.Ra7  1-0

[Event "Eastern Open"]
[Site "Washington DC USA"]
[Date "1999.12.28"]
[Round "5"]
[White "Stripunsky,A"]
[Black "Formanek,E"]
[Result "0-1"]
[WhiteElo "2492"]
[BlackElo "2289"]

1.e4 e6 2.d4 d5 3.Nc3 Bb4 4.e5 Qd7 5.a3 Bxc3+ 6.bxc3 b6 7.Qg4 f5 8.Qh5+ g6
9.Qd1 Ba6 10.Bxa6 Nxa6 11.a4 Nb8 12.h4 h6 13.a5 Nc6 14.axb6 cxb6 15.Ne2 Na5
16.Nf4 Kf7 17.Rh3 Nc4 18.Rg3 Ne7 19.Qf3 a5 20.Nh5 Qb5 21.Nf6 a4 22.Ng4 a3
23.Nxh6+ Ke8 24.Rxg6 Nxg6 25.Qh5 Kd7 26.Qxg6 Rhe8 27.g4 Qb2 28.Bxb2 axb2
29.Rb1 Ra1 30.Ng8 Rxb1+ 31.Ke2 Re1+ 32.Kd3 Re7 33.Qf6 Rh7  0-1

[Event "It B"]
[Site "Paretana ESP"]
[Date "1999.12.29"]
[Round "3"]
[White "Jerez Perez,A"]
[Black "Hernando Rodrigo,Ju"]
[Result "1/2-1/2"]
[WhiteElo "2353"]
[BlackElo "2266"]

1.e4 e6 2.d4 d5 3.Nc3 Bb4 4.e5 Ne7 5.Bd2 c5 6.Nb5 Bxd2+ 7.Qxd2 O-O 8.f4 Bd7
9.Nd6 cxd4 10.Nf3 Nbc6 11.Bd3 Qb6 12.O-O f5 13.Qf2 Nc8 14.Nxc8 Raxc8 15.Rab1 Nb4
16.Nxd4 Rc7 17.Rfd1 Rfc8 18.a3 Nxc2 19.Nxc2 Qxf2+ 20.Kxf2 Rxc2+ 21.Bxc2 Rxc2+
22.Kf3 d4 23.Rxd4  1/2-1/2

[Event "Open"]
[Site "Groningen NED"]
[Date "1999.12.30"]
[Round "11"]
[White "Rechel,B"]
[Black "De Jong,M"]
[Result "0-1"]
[WhiteElo "2404"]
[BlackElo "2317"]

1.e4 e6 2.d4 d5 3.Nc3 Bb4 4.e5 Ne7 5.a3 Bxc3+ 6.bxc3 c5 7.h4 Qc7 8.Nf3 b6
9.h5 h6 10.Bb5+ Bd7 11.a4 Bxb5 12.axb5 Nd7 13.O-O O-O 14.Re1 Rfc8 15.Re2 a6
16.bxa6 Nb8 17.dxc5 Rxa6 18.Rxa6 Nxa6 19.cxb6 Qxb6 20.Be3 Qa5 21.Qc1 Nf5
22.Bd2 Qa4 23.Nh2 Rc4 24.f3 Ng3 25.Re1 Rh4 26.Be3 Rxh5 27.Bf4 Nf5 28.g4 Rh4
29.Bd2 Ne7 30.Be3 Ng6 31.Bd4 h5 32.Rf1 hxg4 33.fxg4 Qc4 34.Rf2 Nc5 35.Qg5 Nb7
36.Nf3 Rh3 37.Kg2 Rh6 38.Qe3 Nd8 39.Ng5 Qb5 40.Qd3 Qb1 41.Qf1 Qb7 42.Qe2 Rh4
43.Kg3 Qe7 44.Nf3 Rh3+ 45.Kxh3 Nf4+ 46.Kg3 Nxe2+ 47.Rxe2 Nb7 48.Re3 Nc5 49.Bxc5 Qxc5
50.Nd4 Qc4 51.Kf2 Kh7 52.Rh3+ Kg6 53.Nf3 f6 54.exf6 Kxf6 55.g5+ Ke7 56.Nd4 e5
57.Nf5+ Kd7 58.Nxg7 Qf4+ 59.Rf3 Qd2+ 60.Kf1 Qc1+ 61.Kf2 Qxc2+ 62.Kg3 Qg6
63.Nf5 Qxg5+ 64.Kh2 e4  0-1

[Event "Aviles op"]
[Site "Aviles"]
[Date "1999.??.??"]
[Round "6"]
[White "Horvath, Adam"]
[Black "Berkes, Ferenc"]
[Result "1-0"]
[WhiteElo "2437"]
[BlackElo "2349"]

1.e4 e6 2.d4 d5 3.Nc3 Bb4 4.e5 Ne7 5.a3 Bxc3+ 6.bxc3 c5 7.Nf3 Qa5 8.Bd2 Nbc6
9.a4 Bd7 10.Bd3 c4 11.Be2 f6 12.O-O Ng6 13.Re1 Qc7 14.Bf1 fxe5 15.Nxe5 Ncxe5
16.dxe5 O-O 17.g3 Nxe5 18.Bf4 Rxf4 19.gxf4 Ng6 20.f5 exf5 21.Qxd5+ Kh8 22.Qxc4 Bc6
23.Bg2 Ne5 24.Qe2 Ng4 25.Bxc6 Qxc6 26.Qe6 h5 27.Qxc6 bxc6 28.Re6 Rd8 29.Rae1 Rd2
30.R1e2 Rd1+ 31.Kg2 Ra1 32.Rxc6 Rxa4 33.Rc5 Nh6 34.f3 Kh7 35.Rc7 Ra6 36.c4 Rg6+
37.Kf2 h4 38.c5 f4 39.Rxa7 h3 40.Ra4 Rg2+ 41.Kf1  1-0

[Event "ROM-ch sf"]
[Site "Baile Tusnad"]
[Date "1999.??.??"]
[Round "6"]
[White "Moldovan, Daniel"]
[Black "Ionescu, Doru Alexandru"]
[Result "1-0"]
[WhiteElo "2449"]
[BlackElo "2330"]

1.e4 e6 2.d4 d5 3.Nc3 Bb4 4.e5 Ne7 5.Bd2 b6 6.Nf3 Ba6 7.Bxa6 Nxa6 8.Ne2 Bxd2+
9.Qxd2 c5 10.c3 Qd7 11.O-O Rc8 12.Ng3 h6 13.Nh5 Kf8 14.Rfc1 Qb5 15.b3 cxd4
16.cxd4 Rxc1+ 17.Rxc1 Kg8 18.Qf4 Qe8 19.Qg4 Ng6 20.Nh4 Kh7 21.Nxg6 fxg6 22.Nf4 g5
23.Nxe6 Qg6 24.f4  1-0

[Event "Regionalliga SW9899"]
[Site "Bayern"]
[Date "1999.??.??"]
[Round "?"]
[White "Berndt, Axel"]
[Black "Muench, Klaus Norbert"]
[Result "1-0"]
[WhiteElo "2205"]
[BlackElo "2085"]

1.e4 e6 2.d4 d5 3.Nc3 Bb4 4.e5 Qd7 5.Bd2 b6 6.Bb5 c6 7.Ba4 a5 8.a3 Bf8 9.Nce2 Ba6
10.c3 Ne7 11.Nf3 h5 12.h4 Bd3 13.Bg5 Be4 14.Ng3 Bg6 15.Rc1 Nf5 16.Ne2 b5
17.Bc2 c5 18.Nf4 c4 19.Ng1 b4 20.axb4 axb4 21.Nxg6 fxg6 22.Ra1 Rxa1 23.Qxa1 Be7
24.Bxe7 Qxe7 25.Qa4+ Kf7 26.Nf3 Rc8 27.Ng5+ Kg8 28.Bxf5 gxf5 29.Qxb4 Qxb4
30.cxb4 Nc6 31.Nxe6 Kf7 32.Nf4 Nxd4 33.O-O Nc2 34.Nxd5 Ke6 35.Rc1 Kxd5 36.Rxc2 Kxe5
37.Kf1 Kd4 38.Rd2+ Ke4 39.Ke2 Rb8 40.f3+ Ke5 41.Kd1 Rxb4 42.Kc2 Kf4 43.Kc3 Ra4
44.Rd7 Kg3 45.Rxg7+ Kxh4 46.g3+ Kh3 47.Rg5  1-0